[Event "Club Championships, C Grade"]
[Site "Wellington Chess Club"]
[Date "2018.09.27"]
[Round "2.1.5"]
[White "Nijman, Brian"]
[Black "Timergazi, Layla"]
[Result "0-1"]
[WhiteElo "2162"]
[BlackElo "2157"]

1. d4 d5 2. Bg5 c5 3. e4 Qb6 { }  ( {As far as I can tell a new move in this
position} 3... dxe4 { would be slightly more normal} ) 4. Nc3 e6 5. exd5 cxd4
6. Bb5+ Bd7 7. Bxd7+ Nxd7 8. dxe6 Qxe6+ 9. Nce2 Qg4 10. Nf3 {Layla is brave
enough to take this pawn, and it's probably the best move} 10... Qxg2 11. Ng3
{and now the fun begins} 11... Bb4+ 12. c3 dxc3 13. Qe2+ $1 Kf8 14. O-O-O Ngf6
15. h3 (15. Rhg1 Qh3 16. Qc4 {is another interesting way to play, but obviously
it's much more fun to trap the queen} ) 15... Re8 16. Be3 Bc5 17. Rh2 Bxe3+ (
17... Rxe3 18. Rxg2 (18. fxe3 $2 Qxg3) 18... Rxe2 19. Nxe2 cxb2+ 20. Kxb2 {is
also possible, with approximate equality} ) 18. Kc2 Bc5 19. Rxg2 Rxe2+ 20. Nxe2
cxb2 21. Nc3 g6 22. Nd2 Kg7 23. Nde4 Ba3 24. Kb3 Rc8 {A tricky move} 25. Kxa3
Nxe4 26. Kxb2 (26. Rxd7 Rxc3+ 27. Kxb2 Rxh3 28. Rxb7 a5 {same as the game} )
26... Rxc3 27. Rxd7 Rxh3 28. Rxb7 a5 29. Ra7 Rh5 30. f3 Nd6 31. Rc2 Rd5 32. Ra6
h5 33. Kb3 h4 34. Ka4 h3 35. Rxa5 $6 (35. Rh2 {is better} ) 35... Rd3 36. Rf2
Nf5 37. Rb5 $2 {Offers the knight a target} 37... Nd4 38. Rb4 {Black is winning
now} 38... Rxf3 39. Rh2 Ne6 40. Kb5 Ra3 41. Ra4 $2 {The final mistake - black's
pawns are faster} 41... Rxa4 42. Kxa4 Nf4 43. Kb3 g5 44. a4 g4 45. Rf2 Ne6 46.
a5 g3 0-1

[Event "Club Championships, C Grade"]
[Site "Wellington Chess Club"]
[Date "2018.09.27"]
[Round "2.3.1"]
[White "Brockway, Andrew"]
[Black "Farrington, Lawrence"]
[Result "1/2-1/2"]
[WhiteElo "1867"]
[BlackElo "1763"]

1. e4 e6 2. d4 d5 3. Nd2 Nf6 4. e5 Nfd7 5. Bd3 c5 6. c3 Qb6 7. Ne2 Nc6 8. Nf3
cxd4 9. cxd4 f6 10. exf6 Nxf6 11. O-O Bd6 12. b3 e5 13. dxe5 Nxe5 14. Nxe5 Bxe5
15. Be3 Qb4 16. Bd4 Bxd4 17. Nxd4 O-O 18. Re1 Bg4 19. Nf3 Rac8 20. h3 Bh5 21.
Re5 Be8 22. Qe2 Rc7 23. Bxh7+ Nxh7 24. Rxe8 Rxe8 25. Qxe8+ Nf8 26. Qh5 Qd6 27.
Nd4 a6 28. Qg4 Qe5 29. Rd1 Rd7 30. Qf5 Qe4 31. Qf3 Qe5 32. Qe2 Qf6 33. Nf3 Qd6
34. Nd4 Rf7 35. Qd2 Nd7 36. Nf3 Nf6 37. Re1 Rd7 38. Nd4 Ne4 39. Qe2 Qf6 40. Qe3
{ (=) Draw Agreed } 1/2-1/2

[Event "Club Championships, C Grade"]
[Site "Wellington Chess Club"]
[Date "2018.09.27"]
[Round "2.3.3"]
[White "Hurndell, Robert"]
[Black "Stoeveken, Peter"]
[Result "0-1"]
[WhiteElo "1551"]
[BlackElo "1822"]

1. c4 e5 2. g3 Nf6 3. Bg2 c6 4. d3 d5 5. Nd2 Be6 6. b3 Nbd7 7. Ngf3 h6 8. O-O
Bd6 9. Bb2 Qb6 10. e3 Bg4 11. Qc2 O-O 12. h3 Bh5 13. Nh4 Rae8 14. g4 Bg6 15.
Nxg6 fxg6 16. d4 Bb4 17. cxd5 cxd5 18. dxe5 Nxe5 19. Bxe5 Rxe5 20. Nf3 Re6 21.
Nd4 Rd6 22. Qd3 Kh7 23. a3 Bc5 24. b4 Bxd4 25. Qxd4 Qxd4 26. exd4 Ne4 27. Rac1
Rf7 28. Bxe4 dxe4 29. Rfd1 Rfd7 30. Kf1 Rxd4 31. Rxd4 Rxd4 32. Rc7 Rd3 33. Rxb7
Rxa3 34. Re7 Rxh3 35. Rxe4 h5 36. g5 Rf3 37. Re7 Rf4 38. Rxa7 Rxb4 39. Kg2 Rg4+
40. Kh3 Rxg5 41. Ra4 Rf5 42. f4 Kh6 43. Kg3 g5 44. Ra6+ g6 45. fxg5+ Kxg5 46.
Ra4 Rc5 47. Kh3 Kf5 48. Kh4 Re5 49. Rb4 Re4+ 50. Rxe4 Kxe4 51. Kh3 g5 52. Kg2
Kf4 53. Kf2 g4 54. Kg2 h4 55. Kf2 h3 0-1

[Event "Club Championships, C Grade"]
[Site "Wellington Chess Club"]
[Date "2018.09.27"]
[Round "2.3.4"]
[White "Wevers, Alexis"]
[Black "Ashe, Michael"]
[Result "1-0"]
[WhiteElo "1795"]
[BlackElo "1623"]

1. d4 e6 2. c4 Bb4+ 3. Bd2 Bxd2+ 4. Qxd2 Nf6 5. Nc3 O-O 6. Nf3 d5 7. e3 Qe7 8.
Bd3 Rd8 9. O-O dxc4 10. Bxc4 c5 11. Qe2 cxd4 12. exd4 a6 13. d5 b5 14. Bb3 b4
15. Na4 Nxd5 16. Bxd5 Rxd5 17. Nb6 Bb7 18. Rac1 Rd8 19. Nxa8 Bxa8 20. Rfd1 a5
21. Rxd8+ Qxd8 22. Qd3 Qe8 23. Ne5 Bd5 24. h4 Nd7 25. Qb5 Nf6 26. Qa6 1-0

[Event "Club Championships, C Grade"]
[Site "Wellington Chess Club"]
[Date "2018.09.27"]
[Round "2.3.6"]
[White "Dixon, Hamish"]
[Black "Frater, Dylan"]
[Result "1/2-1/2"]
[WhiteElo "1701"]
[BlackElo "1509"]

1. e4 e5 2. Nf3 Nc6 3. d4 d6 4. dxe5 dxe5 5. Qxd8+ Nxd8 6. Nxe5 Nf6 7. Bg5 Be7
8. Bc4 Be6 9. Nd2 Bxc4 10. Nexc4 Ne6 11. Bh4 O-O 12. e5 Nd5 13. Bxe7 Nxe7 14.
O-O Rad8 15. Rad1 Nf5 16. Nf3 a6 17. Na5 Rb8 18. Rd7 Rfd8 19. Rfd1 Rxd7 20.
Rxd7 Kf8 21. g4 Ne7 22. c3 b6 23. Nb3 b5 24. Kf1 h6 25. Ke2 Nf4+ 26. Kd2 Re8
27. Ke3 Nfg6 28. Rd6 {Of course none of this makes any sense. Anyway, it was a
draw in about 41 moves} 1/2-1/2

[Event "Club Championships, C Grade"]
[Site "Wellington Chess Club"]
[Date "2018.09.27"]
[Round "2.3.7"]
[White "Asher, Bruce"]
[Black "Kibblewhite, Daniel"]
[Result "0-1"]
[WhiteElo "1256"]
[BlackElo "1468"]

1. e4 e6 2. Nf3 d5 3. exd5 exd5 4. d4 Nf6 5. Bb5+ Bd7 6. Qe2+ Be7 7. Nc3 O-O 8.
O-O a6 9. Bxd7 Nbxd7 10. Re1 Re8 11. Bg5 Bb4 12. Qd3 h6 13. Bxf6 Nxf6 14. a3
Ba5 15. Re5 Rxe5 16. dxe5 Bxc3 17. bxc3 Ne4 18. Rb1 Nc5 19. Qe3 b6 20. Rb4 Ne6
21. Rh4 f6 22. Nd4 fxe5 23. Rg4 Qf6 24. Nc6 e4 25. Qg3 g5 26. Qh3 Nf4 27. Qg3
Ne2+ 0-1

[Event "Club Championships, C Grade"]
[Site "Wellington Chess Club"]
[Date "2018.10.04"]
[Round "3.3.2"]
[White "Meravanage, Satwik"]
[Black "Wevers, Alexis"]
[Result "0-1"]
[WhiteElo "1550"]
[BlackElo "1795"]

1. e4 c6 2. d4 d5 3. exd5 cxd5 4. Nc3 Nf6 5. Bf4 Nc6 6. Bb5 a6 7. Ba4 b5 8. Bb3
Bf5 9. Nf3 Bg4 10. h3 Bh5 11. g4 Bg6 12. Ne5 Rc8 13. O-O e6 14. h4 Nxe5 15.
dxe5 h5 16. exf6 gxf6 17. g5 fxg5 18. Bxg5 f6 19. Qd4 Kf7 20. Be3 Rg8 21. Kh1
Bc5 22. Qxc5 Rxc5 23. Bxc5 f5 24. Rg1 Qxh4+ 25. Kg2 Qg4+ 26. Kf1 Qf3 27. Rg3
Qh1+ 28. Rg1 Qh3+ 29. Ke2 f4 30. Nxd5 Qf5 31. Rad1 f3+ 32. Kf1 Rd8 33. Ne3
Rxd1+ 34. Nxd1 Qxc5 35. Ne3 Bf5 36. Nxf5 Qxf5 37. Ke1 Qf4 38. Kd1 Qd4+ 39. Ke1
Qe4+ 40. Kd2 Qe2+ 41. Kc3 Qxf2 42. Rh1 Qe3+ 43. Kb4 f2 44. Rxh5 f1=Q 45. Rh7+
Kg6 46. Re7 Qd2+ 47. c3 Qd6+ 0-1

[Event "Club Championships, C Grade"]
[Site "Wellington Chess Club"]
[Date "2018.10.04"]
[Round "3.3.4"]
[White "Kibblewhite, Daniel"]
[Black "Dixon, Hamish"]
[Result "0-1"]
[WhiteElo "1468"]
[BlackElo "1701"]

1. d4 d5 2. c4 dxc4 3. e3 Bf5 4. Bxc4 e6 5. Nc3 Nf6 6. Nf3 Nbd7 7. O-O h6 8.
Qe2 Ne4 9. Nxe4 Bxe4 10. Nd2 Bc6 11. e4 Nb6 12. Nf3 Nxc4 13. Qxc4 Bxe4 14. Ne5
Qd5 15. f3 Qxc4 16. Nxc4 Bd3 17. Bf4 Bxc4 18. Rfc1 Bd5 19. Rxc7 Bb4 20. Rac1
O-O 21. a3 Ba5 22. Re7 Bc6 23. Bc7 Bxc7 24. Rxc7 Rac8 25. Rxc8 Rxc8 26. f4 Bd7
27. Rxc8+ Bxc8 28. Kf2 Kf8 29. Ke3 Ke7 30. Ke4 Bd7 31. d5 Kd6 32. dxe6 Bxe6 33.
Kd4 Bd5 34. h3 g5 35. g3 h5 36. g4 Bb3 {?? both scoresheets crap} 0-1

[Event "Club Championships, C Grade"]
[Site "Wellington Chess Club"]
[Date "2018.10.04"]
[Round "3.3.5"]
[White "Ashe, Michael"]
[Black "Kierstead, James"]
[Result "1-0"]
[WhiteElo "1623"]
[BlackElo "1317"]

1. d4 d5 2. c4 Nf6 3. cxd5 Nxd5 4. Nf3 f6 5. Qa4+ Bd7 6. Qb3 Bc6 7. Nbd2 Nd7 8.
e4 N5b6 9. a4 e5 10. a5 Nc8 11. d5 Nc5 12. Qc2 Bd7 13. b4 Na6 14. Bxa6 bxa6 15.
Rb1 Bd6 16. O-O O-O 17. Re1 Rb8 18. Ba3 Ne7 19. Nc4 Bb5 20. Nfd2 c6 21. Nxd6
Qxd6 22. Nc4 Bxc4 23. Qxc4 cxd5 24. exd5 Nxd5 25. Red1 Rfd8 26. b5 Qd7 27. bxa6
Rxb1 28. Rxb1 Rc8 29. Qb3 g6 30. Rd1 Rd8 31. Qb7 Qa4 32. Rxd5 Qxa3 33. Rxd8+
Qf8 34. Rxf8+ Kxf8 35. Qxa7 1-0

[Event "Club Championships, C Grade"]
[Site "Wellington Chess Club"]
[Date "2018.10.11"]
[Round "4.3.1"]
[White "Wevers, Alexis"]
[Black "Hall, Nathan"]
[Result "0-1"]
[WhiteElo "1795"]
[BlackElo "1863"]

1. e4 e6 2. Nf3 d5 3. exd5 exd5 4. d4 Bd6 5. c4 c6 6. Nc3 Ne7 7. Bg5 f6 8. Be3
O-O 9. Be2 b6 10. cxd5 cxd5 11. Qb3 Bb7 $6 { Inaccuracy. Best move was Be6. }
(11... Be6 12. O-O Nbc6 13. Bd3 a6 14. Rae1 b5 15. a3 Qd7 16. Re2 Bf7 17. Rfe1
Rab8 18. Qc2) 12. O-O Nf5 $6 { Inaccuracy. Best move was Nbc6. }  (12... Nbc6
13. Rae1 Qd7 14. Bd2 Rf7 15. Nb5 Nf5 16. Bd3 Bf8 17. Re2 a6 18. Qc2 g6 19. Bxf5
) 13. Kh1 Bc7 $2 { Mistake. Best move was Nxe3. }  (13... Nxe3 14. fxe3 Kh8 15.
Nxd5 Bxh2 16. Nxb6 axb6 17. Nxh2 Bd5 18. Bc4 Bb7 19. d5 Qd6 20. Rf4) 14. Nb5
Re8 $6 { Inaccuracy. Best move was Nxe3. }  (14... Nxe3 15. fxe3 Na6 16. Nc3
Re8 17. e4 Kh8 18. exd5 Qd6 19. Bc4 Re3 20. g3 Rae8 21. Rae1) 15. Nxc7 Qxc7 16.
Bb5 Re6 17. Rac1 Qe7 18. Bf4 Nc6 19. Bxc6 Bxc6 $2 { Mistake. Best move was
Rxc6. }  (19... Rxc6 20. h3 (20. Qxd5+ Qe6) 20... Qe4 21. Rxc6 Bxc6 22. Rc1 Rc8
23. Be3 Qe6 24. Bd2 Qd7 25. Bf4 Re8 26. Qc2) 20. Qc2 $2 { Mistake. Best move
was g4. }  (20. g4 Nh6 21. Bxh6 gxh6 22. Nh4 Kh8 23. Nf5 Qf8 24. Qf3 Bb5 25.
Rg1 Re4 26. h3 Qb8) 20... g6 21. Qd2 Re2 $6 { Inaccuracy. Best move was Bb5. }
(21... Bb5 22. Rfe1 g5 23. Rxe6 Qxe6 24. Re1 Qf7 25. Bg3 Re8 26. h3 h5 27. Bh2
Re4 28. b3) 22. Qd3 Rc8 $6 { Inaccuracy. Best move was Re6. }  (22... Re6 23.
g4 Ng7 24. g5 Qb4 25. Qc3 Qxc3 26. Rxc3 Bb5 27. Rfc1 Be2 28. Ng1 fxg5 29. Rc8+)
23. g4 Ng7 $2 { Mistake. Best move was Qe4. }  (23... Qe4 24. Qxe4 Rxe4 25. Bb8
Nxd4 26. Nxd4 Rxd4 27. Bxa7 Rb4 28. f3 Rxb2 29. Kg1 Ra8 30. Rxc6) 24. Be3 $2 {
Mistake. Best move was Ne5. }  (24. Ne5 Rxe5 25. dxe5 fxe5 26. Rfe1 e4 27. Rxc6
Rxc6 28. Qxd5+ Qe6 29. Qxe4 Qxe4+ 30. Rxe4 Ne6) 24... Rxb2 25. Rce1 Bb5 26. Bc1
$2 { Mistake. Best move was Bh6. }  (26. Bh6 Qd7 27. Qa3 Bxf1 28. Rxf1 Rbc2 29.
Ne1 R2c3 30. Qa6 Qxg4 31. Qb7 Ne6 32. Qxd5 Rd8) 26... Rxc1 27. Qxb5 Rxb5 28.
Rxe7 0-1

[Event "Club Championships, C Grade"]
[Site "Wellington Chess Club"]
[Date "2018.10.11"]
[Round "4.3.2"]
[White "Stoeveken, Peter"]
[Black "Frater, Dylan"]
[Result "1-0"]
[WhiteElo "1822"]
[BlackElo "1509"]

1. d4 d5 2. Nf3 e6 3. c4 Nf6 4. Nc3 c5 5. e3 Nc6 6. Bd3 cxd4 7. exd4 Bb4 8. Bg5
O-O 9. O-O Bd7 10. Qc2 g6 11. Ne2 Rc8 12. c5 b6 13. a3 bxc5 14. axb4 c4 15.
Bxc4 dxc4 16. Qxc4 Ne5 17. Qb3 Nxf3+ 18. Qxf3 Bb5 19. Rfe1 Bxe2 20. Rxe2 Qxd4
21. Bxf6 Qxb4 22. Bc3 1-0

[Event "Club Championships, C Grade"]
[Site "Wellington Chess Club"]
[Date "2018.10.11"]
[Round "4.3.4"]
[White "Rabina, Romeo"]
[Black "Farrington, Lawrence"]
[Result "1/2-1/2"]
[WhiteElo "1695"]
[BlackElo "1763"]

1. e4 e6 2. Nf3 d5 3. Nc3 c5 4. Bb5+ Bd7 5. Bxd7+ Qxd7 6. exd5 exd5 7. d3 Be7
8. O-O Nf6 9. Re1 O-O 10. Ne5 Qd8 11. Bd2 d4 12. Ne4 Nxe4 13. Rxe4 f5 14. Re1
Nd7 15. Qe2 Nxe5 16. Qxe5 Bd6 17. Qe6+ Kh8 18. Re2 Re8 19. Qxe8+ Qxe8 20. Rxe8+
Rxe8 21. Re1 Rxe1+ 22. Bxe1 h6 23. Bd2 Kh7 24. h4 Kg6 1/2-1/2

[Event "Club Championships, C Grade"]
[Site "Wellington Chess Club"]
[Date "2018.10.11"]
[Round "4.3.5"]
[White "Stannard, Lars"]
[Black "Langford, Josh"]
[Result "1-0"]
[WhiteElo "1409"]
[BlackElo "1291"]

1. c4 e5 2. Nc3 Nf6 3. g3 d5 4. cxd5 Nxd5 5. Bg2 Nxc3 6. bxc3 Nc6 7. e4 Qd3 8.
Qe2 Qxe2+ 9. Nxe2 Bc5 10. O-O Bg4 11. Re1 O-O-O 12. h3 Bh5 13. g4 Bg6 14. Rd1
Rd3 15. a4 h5 16. gxh5 Bxh5 17. Re1 Bf3 18. Ng3 Bxg2 19. Kxg2 Rxh3 20. Kxh3
Bxf2 21. Re3 Bxe3 22. dxe3 Rxc3 23. Bd2 Rd3 24. Ra2 g6 25. Kg4 f6 26. Bc1 Rd1
27. Ba3 Rd3 28. Bc1 Rd1 29. Rh2 Rxc1 30. Rh8+ {Clearly something wrong here}
1-0

[Event "Club Championships, C Grade"]
[Site "Wellington Chess Club"]
[Date "2018.10.18"]
[Round "5.3.1"]
[White "Hall, Nathan"]
[Black "Dixon, Hamish"]
[Result "1/2-1/2"]
[WhiteElo "1863"]
[BlackElo "1701"]

1. e4 c5 2. Nc3 Nc6 3. f4 d6 4. Nf3 Nf6 5. Bc4 e6 6. O-O Be7 7. Qe1 O-O 8. d3
Na5 9. Bb3 Nxb3 10. axb3 Bd7 11. d4 cxd4 12. Nxd4 e5 13. fxe5 dxe5 14. Nf3 Qc7
15. Qg3 Bc5+ 16. Kh1 Rfe8 17. Bh6 Ng4 18. Nd5 Qd6 19. Bg5 f6 20. Bxf6 Nxf6 21.
Nxf6+ Qxf6 22. b4 Bxb4 23. Ng5 Qg6 24. Qb3+ Be6 25. Nxe6 Qxe6 26. Qxb4 Qe7 27.
Qb3+ Qe6 28. Qxe6+ Rxe6 29. Ra5 b6 30. Rd5 Rc8 31. Rd7 Rf6 32. Ra1 a5 33. c3
Rc4 1/2-1/2

[Event "Club Championships, C Grade"]
[Site "Wellington Chess Club"]
[Date "2018.10.18"]
[Round "5.3.3"]
[White "Hurndell, Robert"]
[Black "Ashe, Michael"]
[Result "0-1"]
[WhiteElo "1551"]
[BlackElo "1623"]

1. Nf3 e6 2. g3 Nc6 3. Bg2 b6 4. c3 Bb7 5. O-O Nf6 6. d4 d5 7. Bg5 Be7 8. Re1
O-O 9. Nbd2 h6 10. Bf4 Bd6 11. Bxd6 cxd6 12. h3 Re8 13. e4 dxe4 14. Nxe4 Nxe4
15. Rxe4 Ne7 16. Re2 Rc8 17. Qd3 Rc7 18. Rc1 Qc8 19. Rec2 Ba6 20. Qd2 b5 21.
Ne1 Bb7 22. Qe2 a6 23. Qg4 a5 24. a3 Bd5 25. Bxd5 Nxd5 26. Ng2 b4 27. c4 b3 28.
Rd2 Rxc4 29. Rxc4 Qxc4 30. Rd1 Qc2 31. Ne3 Nxe3 32. fxe3 Qxb2 33. Rf1 Qc2 34.
Qf4 f6 35. Qxd6 b2 36. Qb6 Rc8 37. Qxe6+ Kh7 38. e4 b1=Q 0-1

[Event "Club Championships, C Grade"]
[Site "Wellington Chess Club"]
[Date "2018.10.18"]
[Round "5.3.4"]
[White "He, Caleb"]
[Black "Wevers, Alexis"]
[Result "1-0"]
[WhiteElo "1823"]
[BlackElo "1795"]

1. e4 c6 2. d4 d5 3. Nc3 Nd7 4. exd5 cxd5 5. Nxd5 Qa5+ 6. Nc3 Ngf6 7. Bd2 Qb6
8. Bc1 e6 9. a3 Be7 10. Nf3 O-O 11. Be2 Rd8 12. O-O Qc7 13. Nb5 Qc6 14. c4 a6
15. Nc3 b6 16. Bf4 Bb7 17. Qa4 Rac8 18. Qxc6 Bxc6 19. Ne5 Nb8 20. Rfd1 Nfd7 21.
Nxc6 Nxc6 22. d5 exd5 23. Nxd5 Bc5 24. b4 Bf8 25. c5 bxc5 26. Bxa6 Rb8 27. Bxb8
Ndxb8 28. Bb5 Nd4 29. Bc4 Nbc6 30. b5 Na5 31. Ba2 Nc2 32. Rac1 Nd4 33. Kf1 Bd6
34. Nc3 Kf8 35. Ne4 Nab3 36. Bxb3 Nxb3 37. Rxd6 1-0

[Event "Club Championships, C Grade"]
[Site "Wellington Chess Club"]
[Date "2018.10.18"]
[Round "5.3.5"]
[White "Farrington, Lawrence"]
[Black "Stannard, Lars"]
[Result "1-0"]
[WhiteElo "1763"]
[BlackElo "1409"]

1. e4 e5 2. Nf3 Nc6 3. Nc3 Nf6 4. Bb5 d6 5. d4 exd4 6. Nxd4 Bd7 7. O-O h6 8.
Bxc6 bxc6 9. Re1 Be7 10. h3 O-O 11. Nf3 Qc8 12. e5 dxe5 13. Nxe5 Bd6 14. Qf3
Re8 15. Bf4 Bf5 16. Nxc6 Bxc2 17. Bxd6 cxd6 18. Ne7+ Rxe7 19. Rxe7 Bg6 20. Qb7
Qd8 21. Qc7 d5 22. Qxd8+ Rxd8 23. Rd1 d4 24. Kf1 a6 25. f3 Kh7 26. Na4 d3 27.
Rd2 Nd5 28. Re1 Nb4 29. Nc3 Nc2 30. Re5 f6 31. Re6 a5 32. Kf2 Rd4 33. Re7 Bf5
34. Ra7 {the rest makes no sense} 1-0

[Event "Club Championships, C Grade"]
[Site "Wellington Chess Club"]
[Date "2018.10.18"]
[Round "5.3.6"]
[White "Frater, Dylan"]
[Black "Stannard, Bobby"]
[Result "0-1"]
[WhiteElo "1509"]
[BlackElo "1298"]

1. d4 d5 2. c4 e6 3. Nc3 Bb4 4. Bd2 c5 5. a3 cxd4 6. axb4 dxc3 7. Bxc3 Nf6 8.
e3 O-O 9. Nf3 Ne4 10. Qc2 a6 11. Rd1 b6 12. Bd3 f5 13. Nd4 Qc7 14. b3 Nc6 15.
Bd2 e5 16. Ne2 Nxf2 17. cxd5 Nxd1 18. dxc6 Nxe3 19. Bxe3 Kh8 20. Qc3 b5 21. O-O
Be6 22. Bc2 Rac8 23. Bb1 e4 24. Nd4 Qd6 25. Nxb5 axb5 26. Bc5 Qxc6 27. Re1 Rfd8
28. Bc2 Rf8 29. Re3 Kg8 30. Rg3 Rf7 31. Re3 Bd5 32. Bd1 f4 33. Bg4 fxe3 34.
Bxc8 e2 0-1

[Event "Club Championships, C Grade"]
[Site "Wellington Chess Club"]
[Date "2018.10.18"]
[Round "5.3.7"]
[White "Asher, Bruce"]
[Black "Darr, Samuel"]
[Result "0-1"]
[WhiteElo "1256"]
[BlackElo "1481"]

1. e4 e6 2. Nf3 d5 3. exd5 exd5 4. d4 Nf6 5. Nc3 c5 6. Bb5+ Bd7 7. O-O cxd4 8.
Qxd4 Bxb5 9. Nxb5 Nc6 10. Qe3+ Be7 11. b3 a6 12. Nbd4 O-O 13. Bb2 Bc5 14. Rfe1
Qc7 15. Ne6 fxe6 16. Qxc5 Ne4 17. Qe3 Nb4 18. Nd4 Rae8 19. Re2 e5 20. c3 exd4
21. Qxd4 Nxc3 22. Rxe8 Rxe8 23. Bxc3 Nc2 24. Qxd5+ Kh8 25. Qh5 Rg8 26. Be5 Qe7
27. Rc1 Rd8 28. g3 Nb4 29. Rc7 Rd7 30. Rc8+ Rd8 31. Qg4 Nc6 32. Rxd8+ Nxd8 33.
Bc3 h6 34. Ba5 Nc6 35. Qc8+ Kh7 36. Qf5+ Kh8 37. Bc3 Qa3 38. Kg2 Qe7 39. Qh5
Qe4+ 40. Kh3 Qe6+ 41. Kg2 Qe4+ 42. f3 Qc2+ 43. Kh3 Qxc3 44. Qe8+ Kh7 45. Qe4+
g6 46. f4 Qf6 47. g4 Qc3+ 48. Kh4 Qd4 49. Qe8 Qd8+ 50. Qxd8 Nxd8 51. f5 gxf5
52. gxf5 Nf7 53. Kg4 Kg7 54. Kf4 Kf6 55. h4 Nd6 56. a4 Nxf5 57. Kg4 Ke5 58. Kh5
Kf4 59. b4 b6 60. Kg6 Kg4 61. h5 Kf4 62. Kf6 Ke4 63. Ke6 Ng3 64. Kd6 Kd4 65.
Kc6 Kc4 66. b5 axb5 67. axb5 Nxh5 68. Kxb6 Nf6 69. Ka6 Nd5 70. b6 Nxb6 71. Kxb6
h5 0-1

[Event "Club Championships, C Grade"]
[Site "Wellington Chess Club"]
[Date "2018.10.18"]
[Round "5.3.10"]
[White "He, Paul"]
[Black "Kierstead, James"]
[Result "1-0"]
[WhiteElo "1507"]
[BlackElo "1317"]

1. c4 c5 2. Nc3 Nc6 3. g3 Nf6 4. Bg2 e6 5. Nf3 d5 6. cxd5 exd5 7. d4 Bd6 8. Bg5
Qa5 9. Bxf6 gxf6 10. dxc5 Qxc5 11. Nxd5 Qa5+ 12. Qd2 Qxd2+ 13. Nxd2 Be6 14.
Nxf6+ Ke7 15. Nd5+ Bxd5 16. Bxd5 Bb4 17. a3 Bxd2+ 18. Kxd2 Rad8 19. e4 Na5 20.
Ke3 f5 21. b4 Nc6 22. Bxc6 bxc6 23. exf5 Kf6 24. Rhc1 Rhe8+ 25. Kf4 Rd4+ 26.
Kf3 Rd3+ 27. Kg2 Rd6 28. Rc5 Re5 29. Rac1 Kxf5 30. Rxc6 Rxc6 31. Rxc6 Re7 32.
Ra6 Ke4 33. b5 h5 34. Rh6 Re5 35. Rh7 Rxb5 36. Rxa7 Rg5 37. Ra8 h4 38. Ra4+ Kd3
39. Rxh4 Ra5 40. a4 Kc3 41. Kf3 Kb3 42. Ke3 Rxa4 43. Rxa4 Kxa4 44. h4 Kb5 45.
h5 Kc6 46. h6 1-0

[Event "Club Championships, C Grade"]
[Site "Wellington Chess Club"]
[Date "2018.10.18"]
[Round "5.3.11"]
[White "Langford, Josh"]
[Black "Kibblewhite, Daniel"]
[Result "1-0"]
[WhiteElo "1291"]
[BlackElo "1468"]

1. e4 e6 2. d4 d5 3. e5 c5 4. Nf3 Nc6 5. Bd3 cxd4 6. O-O Bd7 7. a3 Bc5 8. Re1
Nge7 9. c3 dxc3 10. Nxc3 O-O 11. Bxh7+ Kh8 12. Ng5 g6 13. Qf3 Nf5 14. Qh3 Kg7
15. g4 Nh6 16. Nxe6+ fxe6 17. Qxh6+ Kf7 18. Qxg6+ 1-0

[Event "Club Championships, C Grade"]
[Site "Wellington Chess Club"]
[Date "2018.10.25"]
[Round "6.3.1"]
[White "Ashe, Michael"]
[Black "Hall, Nathan"]
[Result "0-1"]
[WhiteElo "1623"]
[BlackElo "1863"]

1. d4 e6 2. c4 f5 3. Nc3 Nf6 4. f3 Bb4 5. Bd2 O-O 6. a3 Be7 7. e3 b6 8. Bd3 Bb7
9. Nge2 h5 10. Qc2 a5 11. O-O-O Na6 12. e4 fxe4 13. fxe4 Ng4 14. Rdf1 Nf2 15.
Rhg1 e5 16. Kb1 exd4 17. Nxd4 Nc5 18. Be2 Nfxe4 19. Bxh5 Nxc3+ 20. Qxc3 Be4+
21. Ka2 Bf6 22. Bf3 d5 23. Bxe4 dxe4 24. Qe3 Bxd4 25. Rxf8+ Kxf8 0-1

[Event "Club Championships, C Grade"]
[Site "Wellington Chess Club"]
[Date "2018.10.25"]
[Round "6.3.2"]
[White "Stoeveken, Peter"]
[Black "Dixon, Hamish"]
[Result "0-1"]
[WhiteElo "1822"]
[BlackElo "1701"]

1. d4 Nf6 2. Nf3 g6 3. Nbd2 Bg7 4. c3 d5 5. Qc2 b6 6. e3 Bb7 7. Bd3 Nbd7 8. O-O
c5 9. Re1 c4 10. Be2 O-O 11. b3 b5 12. Ba3 Re8 13. Bb2 Bc6 14. Ng5 h6 15. Nh3
e5 16. f3 exd4 17. exd4 Qc7 18. f4 Nf8 19. Bf3 {Think there may be a move
missed out here. Black won} 0-1

[Event "Club Championships, C Grade"]
[Site "Wellington Chess Club"]
[Date "2018.10.25"]
[Round "6.3.4"]
[White "He, Caleb"]
[Black "Farrington, Lawrence"]
[Result "1/2-1/2"]
[WhiteElo "1823"]
[BlackElo "1763"]

1. e4 e6 2. d4 d5 3. Nc3 Bb4 4. a3 Bxc3+ 5. bxc3 c5 6. exd5 Qxd5 7. Qf3 Nf6 8.
Qxd5 Nxd5 9. Bd2 Nd7 10. Nf3 O-O 11. Bd3 cxd4 12. cxd4 h6 13. O-O a6 14. c4
N5f6 15. a4 Nb8 16. Ne5 Nfd7 17. Nxd7 Nxd7 18. a5 Rd8 19. Ra3 Nf6 20. Bc3 Bd7
21. Bc2 Bc6 22. f3 Rac8 23. Rb1 Ne8 24. Ba4 Nd6 25. Rb4 Rc7 26. Bxc6 Rxc6 27.
Rab3 Rdc8 28. c5 Nb5 29. Kf2 Kf8 30. Ke3 Rd8 31. f4 Rd5 32. Be1 f6 33. Bg3 Rd7
34. Rb2 Kf7 35. h3 f5 36. h4 h5 37. Bf2 g6 38. Kf3 Rd5 39. Rc2 Rd7 40. Ke2 Rd5
41. Rcb2 1/2-1/2

[Event "Club Championships, C Grade"]
[Site "Wellington Chess Club"]
[Date "2018.10.25"]
[Round "6.3.5"]
[White "Wevers, Alexis"]
[Black "Hurndell, Robert"]
[Result "0-1"]
[WhiteElo "1795"]
[BlackElo "1551"]

1. e4 c6 2. Bc4 d5 3. exd5 cxd5 4. Bb3 Nf6 5. d4 g6 6. Nf3 Bg7 7. Bg5 O-O 8.
Nc3 Nc6 9. Bxf6 Bxf6 10. Nxd5 Bg7 11. c3 Na5 12. Ne3 Nxb3 13. Qxb3 e6 14. h4 b6
15. O-O-O Bb7 16. Ng5 Bh6 17. f4 Qc7 18. Rhf1 a5 19. g3 a4 20. Qc4 Qe7 21. Rfe1
a3 22. b3 Ba6 23. Qb4 Qxb4 24. cxb4 Rac8+ 25. Kb1 Rc3 26. g4 Rfc8 27. Nc4 Bxc4
28. bxc4 R8xc4 29. Ne4 Rxb4+ 30. Ka1 Rcc4 31. Rc1 Bxf4 32. Rxc4 Rxc4 33. Nf6+
Kh8 34. Rd1 Rxd4 { } 0-1

[Event "Club Championships, C Grade"]
[Site "Wellington Chess Club"]
[Date "2018.10.25"]
[Round "6.3.7"]
[White "Stannard, Lars"]
[Black "Frater, Dylan"]
[Result "0-1"]
[WhiteElo "1409"]
[BlackElo "1509"]

1. e4 e5 2. Nf3 Nc6 3. Bb5 Nf6 4. d3 d6 5. Nc3 a6 6. Bxc6+ bxc6 7. a3 Be7 8. h3
O-O 9. Be3 Be6 10. Ng5 Bd7 11. Qd2 d5 12. d4 exd4 13. Bxd4 dxe4 14. Ngxe4 Nxe4
15. Nxe4 Re8 16. O-O Bf5 17. Ng3 Be6 18. Rad1 Qd7 19. Qc3 Rad8 20. Bxg7 Qxd1
21. Rxd1 Rxd1+ 22. Kh2 Bd7 23. Bh8 f6 24. Bxf6 Bd6 25. Qf3 Ree1 0-1

[Event "Club Championships, C Grade"]
[Site "Wellington Chess Club"]
[Date "2018.10.25"]
[Round "6.3.8"]
[White "Asher, Bruce"]
[Black "He, Paul"]
[Result "0-1"]
[WhiteElo "1256"]
[BlackElo "1507"]

1. e4 c5 2. Nf3 Nc6 3. Bc4 e6 4. d3 Nge7 5. Nc3 d5 6. exd5 exd5 7. Bb3 Bg4 8.
Bf4 Nd4 9. Ba4+ Nec6 10. O-O Bxf3 11. gxf3 Be7 12. Re1 O-O 13. Re3 Ne6 14. Bxc6
bxc6 15. Nxd5 cxd5 16. Bg3 Bg5 17. Re5 Bf6 18. Re2 Bxb2 19. Rb1 Bc3 20. f4 Qf6
21. Qc1 Nd4 22. Re3 Rfe8 23. Qd1 Nf5 24. Rxe8+ Rxe8 25. Qe2 Qd8 26. Qg4 g6 27.
Kh1 Qa5 28. Rb3 Nd4 29. Qd7 Re1+ 30. Kg2 Nxb3 31. f5 Nd4 32. Qc8+ Kg7 33. fxg6
hxg6 34. Qb7 Qb6 35. Qd7 Qf6 36. Qxd5 Qc6 37. Qxc6 Nxc6 38. f3 Re2+ 0-1